Наръчник да бъдем стабилни по време на криза (Запис номер 134657)
[ съкратено ]
| 000 -Лидер | |
|---|---|
| Контролно поле с фиксирана дължина | 01862nam a2200385 c 4500 |
| 003 - Код на организацията, давaща контролен номер | |
| Контролно поле | BLK |
| 005 - Дата и час на последна редакция | |
| Контролно поле | 20180422111830.0 |
| 008 - Елементи от данни с фиксирана дължина | |
| fixed length control field | 180409b bul|||||r ||||||| ||bul|| |
| 010 ## - Наследен системен номер | |
| LC control number | KNG00140572000 |
| 020 ## - Международен стандартен номер на книга ISBN | |
| Международен стандартен номер на книга ISBN | 978-954-28-1078-0 |
| -- | издат.: Сиела Норма |
| 040 ## - Източник на каталожния запис | |
| Идентификатор на билиотеката - собственик на записа | BLK |
| 041 ## - Код за език | |
| Код за езика на текст/звукозапис или на отделно заглавие | Български |
| Код за езика КДБФ | Български |
| 072 #7 - Код за тематичната категория | |
| Код организация | bullib |
| Код за тематична категория | Н33 |
| Текст | Икономика Н |
| 080 ## - УДК | |
| Текстов определител УДК | Стопански кризи. Депресии |
| УДК код - определител по УДК | 338.124.4 |
| УДК определител | (100) |
| УДК - код + определител | 338.124.4(100) |
| 080 ## - УДК | |
| Текстов определител УДК | Индивидуална психология. Психология на личността. Индивидуалност. Психология на характера. Характерология. Психологическа типология |
| УДК код - определител по УДК | 159.923 |
| УДК определител | |
| УДК - код + определител | 159.923 |
| 100 1# - Редна дума - Автор | |
| Автор | Мерк, Аксел |
| Авторска отговорност | първи автор |
| R(LIN) | 94941 |
| 139 ## - Редно поле | |
| Редна дума | Мерк, Аксел |
| Авторски знак | Мер - М 49 |
| 245 10 - Сведения за заглавието | |
| Заглавие | Наръчник да бъдем стабилни по време на криза |
| Редно поле (дума) | Аксел Мерк; прев. от англ. Добринка Петрова Кръстева. |
| 257 ## - Страна на издаване | |
| Страна на създаване/издаване | Съединени американски щати |
| 260 ## - Област на издателските данни | |
| -- | София |
| Име на издателя, разпространителя и проч. | Сиела Норма |
| Година на издаване | 2012 |
| 300 ## - Физическа характеристика | |
| Страници | 311 с. |
| Размери/Мащаб | 23 см |
| 380 ## - Жанр | |
| Жанр | Обществени науки |
| 500 ## - Общи забележки | |
| Забележка | Ориг. загл. Sustainable Wealth / Axel Merk. - Името на прев. отбелязано на гърба на предзагл с. |
| 650 #4 - Допълнително описание по предмет – тема | |
| Основно описание – тема или топоним | Стопански кризи - популярна литература |
| 9 (RLIN) | 324484 |
| 650 #4 - Допълнително описание по предмет – тема | |
| Основно описание – тема или топоним | Личност - психология |
| 9 (RLIN) | 243160 |
| 653 ## - Ключова дума – ненормативна | |
| Ключова дума | стопански кризи |
| 653 ## - Ключова дума – ненормативна | |
| Ключова дума | психология на личността |
| 659 ## - Тематичен бюлетин | |
| Тематичен бюлетин | Н |
| 700 1# - Други автори (авторска отговорност) | |
| Лично име | Кръстева, Добринка Петрова |
| Автороска отговорност (Описва отношението между автора и произведението) | прев. от англ. |
| 9 (RLIN) | 370612 |
| 852 ## - Местоположение | |
| Форматна сигнатура | Цб 258702 |
| 856 4# - Електронен адрес и достъп | |
| Електронен формат | pdf - файл |
| Път до файла /url/ | |
| 856 4# - Електронен адрес и достъп | |
| Електронен формат | pdf - файл |
| Път до файла /url/ | |
| 942 ## - АРТИКУЛИ | |
| Вид на библиотечния материал | Книги |
| Скрит в OPAC | Не |
| 944 ## - СЪЗДАВАНЕ И РЕДАКЦИЯ на ЗАПИСА | |
| Създаване/Редакция | Създаване |
| Дата на регистрацията/редакция | 12.03.2013 |
| Статус, дата на статуса | ф / |
| Служител, извършил регистрацията/редакцията | Людмила_Стоянова |
| 944 ## - СЪЗДАВАНЕ И РЕДАКЦИЯ на ЗАПИСА | |
| Създаване/Редакция | Редакция |
| Дата на регистрацията/редакция | 19.03.2013 |
| Статус, дата на статуса | ф / |
| Служител, извършил регистрацията/редакцията | |
| 999 ## - СИСТЕМНИ КОНТРОЛНИ НОМЕРА | |
| Koha biblionumber | 134657 |
| Koha biblioitemnumber | 134657 |
| Код за отписване | Код за изгубен артикул | Код за повреда | Коз за рестрикции | Код за отдаване | Артикулен № | Име на библиотеката - собственик | Име на библиотеката, в която се намира в момента | Статус (Текущо местоположение) | Дата на вписване в системата | Местоположение - отдел | Цена в лева | Инвентарен номер | Систематично азбучна сигнатура | Баркод | Номер на екземпляра | Цена в евро | Служебна бележка | Служебен тип на артикула |
|---|---|---|---|---|---|---|---|---|---|---|---|---|---|---|---|---|---|---|
| Не е изгубен | Не е повреден | без рестрикции | ползва се в читалня | 220150 | Регионална библиотека "Любен Каравелов" Русе | Регионална библиотека "Любен Каравелов" Русе | Читалня | 2013-03-11 | Читалня | 10.50 | 120000764876 | Ч 338/М 49 | 120000764876 | 1 | 5.37 | Дост: Pk Вид: Ф N: 423 Дата: 03.03.2013 Дата инв: 23.03.2017 Бележки инв: Ч2017 | Книги |